01428nam a22003737a 4500003000500000005001700005008004100022010000900063011000900072035000900081040000900090090001000099100003800109245009700147260004000244300004000284502008500324590003700409590004100446590004100487590004100528590004100569590004100610590004200651650002800693650003400721700004400755710005500799901000700854942001000861949004100871999001500912952012700927CHAP20251003131934.0971013s1993 r 00010 d a7901 a8873 a8105 cCHAP aTesis10aLara García, José Omar964840 aProceso evaporativo del jugo de naranjab: desarrollo y simulación del modelo matemático aChapingo, Méx. :bEl autor,c1993 a126 h.b: ilus. ; gráfs.e+ anexo aTesis (Ing. Agroindustrial) -- UACH. Departamento de Ingeniería Agroindustrial aALEPHb10c20130110lUCH01h1220 aBATCH-UPDb10c20130110lUCH01h0214 aBATCH-UPDb10c20130110lUCH01h1121 aBATCH-UPDb10c20130409lUCH01h2231 aBATCH-UPDb10c20130410lUCH01h1441 aBATCH-UPDb10c20130914lUCH01h1706 aCONVERSIONb10c20130109lUCH01h130514aJugo de naranja.96229014aModelos matemáticos.9764191 aVelázquez Castillo, Alejandra91185170 aUACH. Departamento de Ingeniería Agroindustrial. aBK cTESIS bBCcTESd-18240eTS1h26091i8105si c7901d7901 00102local4051708TESISaBCbBCcPA_TESISd2019-12-31fTESISl0oTesisp-18240r2019-12-31 00:00:00w2019-12-31yTESIS